000 00431nam a22001817a 4500
003 OSt
005 20170105103443.0
008 120507t xxu||||| |||| 00| 0 eng d
020 _a0070486670
040 _cASAB
082 _27 th Ed
100 _aRobert H. Tamarian
_9810
245 _aPrinciples of Genetics
_cRobert H Tamarin
260 _aNew delhi
_bNc Graw Hill
300 _a609
650 _aGenetics
_9249
942 _2ddc
_cBK
999 _c16527
_d16527